| 000 | 00373 a2200169 4500 | ||
|---|---|---|---|
| 001 | 174414 | ||
| 020 | _a978-85-329-0817-9 | ||
| 040 | _cMagnum | ||
| 100 | _aViana, Vivina de Assis | ||
| 240 | 1 | 0 |
_aO dia de ver meu pai _lpor |
| 245 | 1 | 0 | _aO dia de ver meu pai |
| 300 | _a30 | ||
| 362 | 0 | _a2016 | |
| 440 | 1 | _aLĂȘ | |
| 697 | _aLITERATURA INFANTO-JUVENIL | ||
| 942 | _cBK | ||
| 999 |
_c174414 _d174414 |
||